000 00742nam a2200217 a 4500
001 BRL_263
005 20190320210647.0
008 170713s1997----mx-ao#####---#010-0dspa-#
041 _aspa
044 _amx
050 4 _aF1236.6.C3
_b.H43 1997
245 1 0 _aHeberto Castillo Martínez, 1928-1997
_bhomenaje.
260 _aMéxico
_bFundación Heberto Castillo Martínez : LVI Legislatura de la Cámara de Diputados, Grupo Parlamentario del PRD
_cc1997
300 _a104 p.
_bil. (algunas a color)
_c28 cm.
500 _aAu298
600 1 4 _aCastillo Martínez, Heberto
_d1928-1997
_923394
650 1 4 _aPolíticos
_vBiografías
_zMéxico
_923395
651 4 _aMéxico
_xPolítica y gobierno
_y1970-1988
_923396
902 _aGRL
942 _2lcc
_cB
999 _c9076
_d9076